000 01624cam a22002054a 4500
005 20250605164121.0
008 250528s ||||||||||||||||||||||||d
035 _a18273
020 _a470016094
040 _aGR-AtMCL
_bgre
_dGR-AtMCL
_eAACR2
245 1 _aAccounting for Managers / Interpreting Accounting Information for Decision-Making: Second Edition
250 _a2nd
260 _bJohn Wiley & Sons, Ltd,
_c2008
300 _a514
520 _aThis book explains how accounting information is used by non-financial managers. Preface, Acknowledgements, Context of Accounting, Introduction to Accounting, Accounting and Its Relationship to Shareholder Value and Business Structure, Recording Financial Transactions and the Limitations of Accounting, Management Control and Management Accounting and Its Rational-Economic Assumptions, Interpretive and Critical Perspectives on Accounting and Decision-Making, Interpretive and Critical Perspectives on Accounting and Decision-Making, The Use of Financial Statements for Decision-Making, Constructing Financial Statements and the Framework of Accounting, Interpreting Financial Statements and Alternative Theoretical Perspectives, Interpreting Financial Statements Under International Financial Reporting Standards (IFRSs), Governance and the Operating and Financial Review (OFR): Understanding the Context of Accounting, Using Accounting Information for Decision-Making and Planning and Control, Marketing Decisions, Operating Decisions, Supporting Information, Index.
700 1 _aCollier Paul M
_94549
942 _cBK
999 _c3641
_d3641